Normal view
MARC view
- الجنيدل، حمد بن عبد الرحمن ؛ إيهاب حسين أبو دية
Entry Personal Name
001 - CONTROL NUMBER
- control field: 28333
003 - CONTROL NUMBER IDENTIFIER
- control field: JO-AjAnu
005 - DATE AND TIME OF LATEST TRANSACTION
- control field: 20230606074813.0
008 - FIXED-LENGTH DATA ELEMENTS
- fixed length control field: 230606|| aca||aabn | a|a d
040 ## - CATALOGING SOURCE
- Original cataloging agency: JO-AjAnu
- Transcribing agency: JO-AjAnu
100 ## - HEADING--PERSONAL NAME
- Personal name: الجنيدل، حمد بن عبد الرحمن ؛ إيهاب حسين أبو دية
670 ## - SOURCE DATA FOUND
- Source citation: Work cat.: (JO-AjAnu)14544: الجنيدل، حمد بن عبد الرحمن ؛ إيهاب حسين أبو دية, author, الإستثمار والتمويل في الإقتصاد الإسلامي، ج1